| 000 | 00432cam a22001217a 4500 | ||
|---|---|---|---|
| 008 | 180718b1980 xxu||||| |||| 00| 0 eng d | ||
| 082 | _aA81x54 In2/71/8/PT6B/A | ||
| 100 | _aCensus of India 1971 | ||
| 245 | _aJammu and Kashmir: special survey reports on selected towns, Anantanag | ||
| 260 |
_aDelhi _bThe Controller of Publications _c1980 |
||
| 300 | _a818+p. | ||
| 440 | _aCensus of India 1971. Series-8, Jammu and Kashmir. Part-VI B | ||
| 999 |
_c485113 _d485113 |
||